Earth trap : (Record no. 131006)

MARC details
000 -LEADER
fixed length control field 00598nam a22002177a 4500
005 - DATE AND TIME OF LATEST TRANSACTION
control field 20170124110121.0
010 ## - LIBRARY OF CONGRESS CONTROL NUMBER
LC control number A-682486
020 ## - INTERNATIONAL STANDARD BOOK NUMBER
Terms of availability 00.00
International Standard Book Number 8121404657
035 ## - SYSTEM CONTROL NUMBER
System control number A-682486
037 ## - SOURCE OF ACQUISITION
Source of stock number/acquisition Cen Lib/Ret
040 ## - CATALOGING SOURCE
Original cataloging agency DPL
Language of cataloging EN
082 ## - DEWEY DECIMAL CLASSIFICATION NUMBER
Classification number N
Item number SOM
100 ## - MAIN ENTRY--PERSONAL NAME
Personal name Soma,Vira
9 (RLIN) 30570
245 ## - TITLE STATEMENT
Title Earth trap :
Statement of responsibility, etc by Soma Vira
Remainder of title rings around the world /
260 ## - PUBLICATION, DISTRIBUTION, ETC. (IMPRINT)
Name of publisher, distributor, etc National Publishing House
Date of publication, distribution, etc 1993
Place of publication, distribution, etc New Delhi
270 ## - ADDRESS
City New Delhi
Address 23, darya ganj
Postal code 110002
300 ## - PHYSICAL DESCRIPTION
Extent xiii, 266p.
Dimensions 19cm(Hb)
650 ## - SUBJECT ADDED ENTRY--TOPICAL TERM
Topical term or geographic name as entry element literature
9 (RLIN) 6262
650 ## - SUBJECT ADDED ENTRY--TOPICAL TERM
Topical term or geographic name as entry element Novel
9 (RLIN) 22513
942 ## - ADDED ENTRY ELEMENTS (KOHA)
Source of classification or shelving scheme Dewey Decimal Classification
Koha item type English Books
Classification part N
Call number suffix SOM
Holdings
Withdrawn status Lost status Damaged status Not for loan Home library Current library Date acquired Source of acquisition Cost, normal purchase price Total Checkouts Full call number Barcode Date last seen Copy number Cost, replacement price Price effective from Koha item type Public note
Written off       Central Library Central Library 11/07/2015 Cen Lib/Ret 0.00   N SOM A-682486 11/07/2015 1 0.00 11/07/2015 English Books W/d List No. 6849/17 : dtd 16/7/20

© Delhi Public Library
Hit Counter
free hit counter